Obchodní integrace České republiky s Evropskou unií
Prvá adaptačná fáza - roky 1993 -1999. Adaptácia českého exportu na európsku recesiu. Príčiny a súvislosti dosiahnutia obchodnej integrácie s EÚ - priame zahraničné investície, efekty priamych zahraničných investícií na platobnú bilanciu.
Salvato in:
| Autore principale: | |
|---|---|
| Natura: | Capitolo di libro |
| Lingua: | ceco |
| Soggetti: | |
| Tags: |
Nessun Tag, puoi essere il primo ad aggiungerne!!
|
MARC
| LEADER | 00000naa$a2200000$$$4500 | ||
|---|---|---|---|
| 001 | 0023065 | ||
| 005 | 20231013081045.5 | ||
| 041 | 0 | |a cze | |
| 044 | |a SK | ||
| 245 | 1 | 0 | |a Obchodní integrace České republiky s Evropskou unií |c Eva Zamrazilová |
| 520 | |a Prvá adaptačná fáza - roky 1993 -1999. Adaptácia českého exportu na európsku recesiu. Príčiny a súvislosti dosiahnutia obchodnej integrácie s EÚ - priame zahraničné investície, efekty priamych zahraničných investícií na platobnú bilanciu. | ||
| 610 | 2 | 0 | |a obchod zahraničný |
| 610 | 2 | 0 | |a integrácia ekonomická medzinárodná |
| 610 | 2 | 0 | |a Česko |
| 610 | 2 | 0 | |a Európska únia |
| 610 | 2 | 0 | |a recesia |
| 610 | 2 | 0 | |a vývoz |
| 610 | 2 | 0 | |a investície priame zahraničné |
| 610 | 2 | 0 | |a bilancia platobná |
| 100 | 1 | |a Zamrazilová, Eva | |